00625nam a2200157 a 4500008004100000050001500041100001800056245005700074260002600131350000900157650001100166650004800177995010200225999001700327952012300344120416s2000 ||||||||||||||||| || u aQP 251 New aNewton, Nancy10aApplying best practices to youth reproductive health aArlingtonbSEATc2000 a0.00 aHEALTH aReproductive health--Cross-cultural studies D0.00FCBU-MAIN LIBRARY (Kitwe)H1I25.00M1UAVAILABLEWMar 21, 2007ZAnnex Low-Usage Collection  c34623d34623 00102lcc4070a001b001cAnnex Low-Usage Collection d2022-11-30l0oQP 251 Newp028290r2022-11-30w2022-11-30y002